00446nam a2200193Ia 4500003000400000005001700004008004100021020000600062040000700068041000800075082002300083100001000106245004100116260003800157300001200195365001200207650001400219650001900233OSt20230412115900.0210423s2009 xx 000 0 und d a- cAL aeng a338.954 223bHIND aHINDU aHindu survey of Indian industry 2009 aChennaibKasturi & Sons Ltdc2009 a286bPB b60cINR aEconomics aIndian Economy